[Event "POL Olympiad U12"]
[Site "Spala"]
[Date "2014.12.30"]
[Round "5.14"]
[White "Zolkiewski, Jakub"]
[Black "Wilk, Radoslaw"]
[Result "1/2-1/2"]
[WhiteElo "1504"]
[BlackElo "1422"]
[PlyCount "84"]
[EventDate "2014.04.06"]
[EventType "swiss"]
[EventRounds "9"]
[EventCountry "POL"]
[SourceTitle "EXT 2023"]
[Source "ChessBase"]
[SourceDate "2022.10.05"]
[SourceVersion "1"]
[SourceVersionDate "2022.10.05"]
[SourceQuality "1"]

1. d4 d5 2. c4 e5 3. dxe5 d4 4. Nf3 Nc6 5. g3 Nge7 6. Na3 Ng6 7. Nc2 Ngxe5 8. Ncxd4 Bg4 9. Nxe5 Bb4+ 10. Bd2 Qxd4 11. Nxc6 Bxd2+ 12. Qxd2 Qxd2+ 13. Kxd2 bxc6 14. Bg2 0-0-0+ 15. Ke1 c5 16. f3 Be6 17. b3 Rd6 18. Rd1 Rhd8 19. Rxd6 Rxd6 20. e3 Ra6 21. Rf1 Rxa2 22. Rf2 Ra1+ 23. Kd2 Kb7 24. Kc3 Ra6 25. f4+ Kb6 26. Rd2 c6 27. e4 g6 28. h3 h5 29. Rd6 Ra2 30. Rd2 Rxd2 31. Kxd2 Ka5 32. Kc3 Bd7 33. e5 Bf5 34. h4 Bd7 35. Be4 a6 36. Bf3 Kb6 37. Be4 Bg4 38. Kb2 a5 39. Kc3 Bh3 40. Bf3 Bf5 41. Bg2 Bg4 42. Be4 Be6 1/2-1/2

[Event "POL-chT U19 2nd League"]
[Site "Szczyrk"]
[Date "2014.07.31"]
[Round "9.40"]
[White "Kukorowski, Jan"]
[Black "Wilk, Radoslaw"]
[Result "1-0"]
[WhiteElo "1359"]
[BlackElo "1430"]
[PlyCount "89"]
[EventDate "2014.07.25"]
[EventType "team-swiss"]
[EventRounds "11"]
[EventCountry "POL"]
[SourceTitle "EXT 2015"]
[Source "ChessBase"]
[SourceDate "2014.11.20"]
[SourceVersion "1"]
[SourceVersionDate "2014.11.20"]
[SourceQuality "1"]
[WhiteTeam "Gniezno LKS Chrobry U19"]
[BlackTeam "Krakow Wisla U19"]
[WhiteTeamCountry "POL"]
[BlackTeamCountry "POL"]

1. e4 c5 2. Nc3 a6 3. f4 b5 4. Nf3 Bb7 5. d3 e6 6. e5 d5 7. exd6 Qxd6 8. g3 g6 9. Bg2 Bg7 10. 0-0 Nf6 11. Qe2 0-0 12. Be3 Nbd7 13. Rad1 Ng4 14. Bc1 f5 15. Rfe1 Rfe8 16. h3 Ngf6 17. Ng5 Bxg2 18. Qxg2 Rad8 19. Ne2 h6 20. Nf3 Qd5 21. Nc3 Qc6 22. d4 cxd4 23. Nxd4 Qxg2+ 24. Kxg2 Nc5 25. Nc6 Rxd1 26. Rxd1 Nfe4 27. Nxe4 Nxe4 28. c3 Rc8 29. Ne7+ Kf8 30. Nxc8 Ke8 31. Nd6+ Nxd6 32. Rxd6 Ke7 33. Rxa6 g5 34. fxg5 hxg5 35. Bxg5+ Bf6 36. Ra7+ Ke8 37. Bxf6 e5 38. Bxe5 f4 39. gxf4 b4 40. cxb4 Kf8 41. b5 Kg8 42. b6 Kf8 43. Rg7 Ke8 44. b7 Kd8 45. b8R# 1-0